Statistics for Historic counties of England

Click here to take the quiz!

General Stats

  • This quiz has been taken 4,799 times
    (4,539 since last reset)
  • The average score is 27 of 39

Answers on the Map

Answers color-coded by a green-red scale on the quiz's map according to % correct below.
 

Answer Stats

HintAnswer% Correct
ExtantCornwall
92%
SimilarYorkshire
91%
ExtantEssex
90%
SimilarSussex
89%
ExtantKent
87%
ExtantDevon
84%
ExtantNorfolk
81%
ExtantLancashire
78%
ExtantNorthumberland
78%
ExtantOxfordshire
78%
ExtantSuffolk
77%
ExtantCambridgeshire
76%
ExtantLincolnshire
76%
ExtantNottinghamshire
73%
ExtantHampshire
72%
ExtantSomerset
72%
ExtantLeicestershire
71%
ExtantCheshire
69%
ExtantDorset
69%
ExtantGloucestershire
69%
ExtantDerbyshire
68%
ExtantSurrey
68%
ExtantBuckinghamshire
66%
ExtantHerefordshire
65%
ExtantDurham
64%
ExtantWorcestershire
64%
ExtantHertfordshire
63%
ExtantRutland
62%
ExtantShropshire
62%
ExtantBedfordshire
61%
ExtantBerkshire
60%
ExtantWiltshire
60%
ExtantWarwickshire
59%
ExtantNorthamptonshire
58%
ExtantStaffordshire
55%
DefunctMiddlesex
51%
SimilarCumberland
48%
DefunctWestmorland
29%
DefunctHuntingdonshire
23%

Score Distribution

Percentile by Number Answered

Percent of People with Each Score

Your Score History

You have not taken this quiz since the last reset